| 000 | 02077nam a2200349 a 4500 | ||
|---|---|---|---|
| 005 | 20180803165401.0 | ||
| 008 | 140129b2003 ck ||||| |||| 00| 0 spa d | ||
| 040 | _cCO-BoIH | ||
| 041 | _aspa | ||
| 044 | _ack | ||
| 090 |
_aIAVH _b01100 |
||
| 100 |
_aRenjifo, Luis Miguel _992541 |
||
| 245 | _aCaracterización biológica y socioeconómica de la ventana de paisaje rural ganadero en el Cañón del río Barbas, Filandia (Quindío) | ||
| 260 |
_aArmenia _bInstituto Alexander von Humboldt _c2003 |
||
| 300 | _a113 p. | ||
| 520 | _aCon el objetivo de evaluar el estado de la biodiversidad asociada a los diferentes tipos de paisaje rural en la zona de estudio, se realizó la caracterización biológica y sociocultural en la ventana de paisaje rural ganadero de 2.500 ha, la cual está ubicada en el cañón del río Barbas, entre los municipios de Filandia (Quindío) y Pereira (Risaralda). Para ellos se realizó la caracterización de la vegetación, analizando su riqueza, composición, complementariedad, estructura horizontal y vertical, así como las especies amenazadas que se encontraron. Igualmente se realizó la caracterización de la diversidad de hormigas en el suelo y el grupo de las aves. Para la caracterización socioeconómica se definió la metodología y por medio de visitas y encuestas realizadas a los predios de la zona se obtuvieron los resultados. Presenta una sección de resultados y conclusiones generales del estudio | ||
| 650 |
_aCaracterización biológica _92833 |
||
| 650 |
_aVentana _95926 |
||
| 650 |
_aPaisaje rural _992518 |
||
| 650 |
_aCaracterización socioeconómica _91318 |
||
| 662 |
_aColombia _cRío Barbas _bQuindio |
||
| 700 |
_aLozano, Fabio H. _92482 |
||
| 700 |
_aJiménez, Elizabeth _92483 |
||
| 700 |
_aCaycedo, Paula Catalina _95927 |
||
| 700 |
_aMendoza, Javier Eduardo _95199 |
||
| 700 |
_aRamirez, Diana Patricia _9330 |
||
| 700 |
_aVargas, William _92871 |
||
| 700 |
_aQuevedo, Fabio Leonardo _95928 |
||
| 700 |
_aFranco , Luis Edier _95929 |
||
| 700 |
_aCardona, Pedro José _95930 |
||
| 942 |
_cINFORME _2z |
||
| 999 |
_c6537 _d6537 |
||